[Event "58sen.LSEM 2005 Hessen"]
[Site "?"]
[Date "2005.04.01"]
[Round "5"]
[White "Bittner Friedrich"]
[Black "Raquet Helmut"]
[Result "1-0"]
[WhiteElo "1937"]
[BlackElo "1793"]
[PlyCount "107"]
[EventDate "2005.??.??"]
[Source "www.chesslib.no"]
[SourceDate "2004.05.04"]

1. e4 e6 2. d4 d5 3. Nc3 Nf6 4. Bg5 Be7 5. e5 Nfd7 6. Bxe7 Qxe7 7. Nb5 Nb6 8. c3 a6 9. Na3 Bd7 10. Bd3 Nc6 11. Ne2 O-O-O 12. b4 Na7 13. O-O Ba4 14. Qd2 f5 15. f4 h6 16. Qb2 c6 17. Nc1 Nb5 18. Nb3 g5 19. Nc5 Nxa3 20. Qxa3 Bb5 21. Qb2 Na4 22. Qc2 Bxd3 23. Nxd3 b5 24. Nc5 Nxc5 25. bxc5 Kb7 26. a4 Ra8 27. Ra2 Ra7 28. Qb3 Rha8 29. g3 g4 30. Qb4 h5 31. Rb1 Kc8 32. Rba1 Qc7 33. h3 a5 34. Qb3 Rb7 35. hxg4 hxg4 36. Rh2 Qg7 37. Qc2 b4 38. Rh4 b3 39. Qh2 Kb8 40. Rb1 Ka7 41. Rb2 Rab8 42. Kf1 Ka6 43. Ke1 Rc7 44. Kd1 Rcb7 45. Kc1 Qf7 46. Kb1 Rg8 47. Qh1 Rg7 48. Rbh2 Rb8 49. Kb2 Rb7 50. Rh8 Ka7 51. R2h6 Rg6 52. Rxg6 Qxg6 53. Qh4 Re7 54. Qxe7+ 1-0

[Event "Heide-ch op"]
[Site "?"]
[Date "2002.05.10"]
[Round "6"]
[White "Meyer Juergen"]
[Black "Becker Soenke"]
[Result "1-0"]
[WhiteElo "1854"]
[BlackElo "1873"]
[PlyCount "47"]
[EventDate "2002.??.??"]
[Source "www.chesslib.no"]
[SourceDate "2004.05.04"]

1. e4 e6 2. d4 d5 3. Nc3 Nf6 4. Bg5 Be7 5. e5 Nfd7 6. Bxe7 Qxe7 7. Nb5 Nb6 8. a4 a6 9. a5 axb5 10. axb6 Rxa1 11. Qxa1 c6 12. Qa8 O-O 13. Qxb8 Qb4+ 14. c3 Qxb2 15. Ne2 b4 16. cxb4 Qxb4+ 17. Kd1 Qb3+ 18. Kd2 Qb4+ 19. Ke3 c5 20. Qc7 Qb3+ 21. Kd2 c4 22. f4 Qd3+ 23. Ke1 Qe3 24. h4 1-0

[Event "Bad Wörishofen (13.03.-21.03)"]
[Site "?"]
[Date "2003.??.??"]
[Round "6"]
[White "Scheidt Eugen"]
[Black "Erler Klaus-Juergen"]
[Result "1/2-1/2"]
[WhiteElo "2051"]
[BlackElo "1670"]
[PlyCount "66"]
[EventDate "2003.??.??"]
[Source "www.chesslib.no"]
[SourceDate "2004.05.04"]

1. e4 e6 2. d4 d5 3. Nc3 Nf6 4. Bg5 Be7 5. e5 Nfd7 6. Bxe7 Qxe7 7. Nb5 Qd8 8. c3 a6 9. Na3 c5 10. Nf3 Nc6 11. Nc2 O-O 12. Be2 cxd4 13. cxd4 f6 14. exf6 Nxf6 15. O-O Bd7 16. Nd2 b6 17. Re1 Qc7 18. Rc1 Qd6 19. Nf3 Rfc8 20. Bd3 Qb8 21. Ne5 Nxe5 22. dxe5 Ne8 23. Qe2 a5 24. Nd4 Qa7 25. Qe3 Rc5 26. Nb3 Rcc8 27. Rxc8 Bxc8 28. Rc1 Bd7 29. Rc3 Qb7 30. Qc1 Rc8 31. Rxc8 Qxc8 32. Qxc8 Bxc8 33. Nd4 Bd7 1/2-1/2

[Event "otb"]
[Site "otb"]
[Date "2007.04.02"]
[Round "2"]
[White "Riesco Lekuona Juan Manuel"]
[Black "Izquierdo Arruzeria J"]
[Result "0-1"]
[WhiteElo "1964"]
[BlackElo "1755"]
[PlyCount "94"]
[Source "www.chesslib.no"]
[SourceDate "2004.05.04"]

1. e4 e6 2. d4 d5 3. Nc3 Nf6 4. Bg5 Be7 5. e5 Nfd7 6. Bxe7 Qxe7 7. Nb5 Qd8 8. Qg4 O-O 9. Nf3 a6 10. Na3 c5 11. c3 Nc6 12. Nc2 Qe7 13. Bd3 h6 14. O-O cxd4 15. cxd4 f5 16. Qg3 b5 17. Nh4 Qg5 18. Ng6 Rf7 19. a4 b4 20. b3 Kh7 21. Nf4 Qxg3 22. fxg3 Nf8 23. g4 g6 24. h4 a5 25. h5 g5 26. Ne2 Kg7 27. Rac1 fxg4 28. Rxf7+ Kxf7 29. Ne3 Ne7 30. Rc7 Ke8 31. Nxg4 Kd8 32. Rc1 Ng8 33. Rf1 Ke7 34. Nf6 Nxf6 35. Rxf6 Ba6 36. Bxa6 Rxa6 37. Rxh6 Rc6 38. Kf2 Rc2 39. Ke3 Rb2 40. Rf6 Rxb3+ 41. Kd2 Ra3 42. Rf1 Rxa4 43. Rc1 Kf7 44. Rc7+ Kg8 45. h6 b3 46. Kc3 Ra2 47. Ng3 Rc2+ 0-1

[Event "Barceloneta op"]
[Site "?"]
[Date "2001.??.??"]
[Round "1"]
[White "Torres Ribe Ricard"]
[Black "Calpe Melendres Josep Maria"]
[Result "0-1"]
[WhiteElo "1700"]
[BlackElo "1975"]
[PlyCount "78"]
[EventDate "2001.??.??"]
[Source "www.chesslib.no"]
[SourceDate "2004.05.04"]

1. e4 e6 2. d4 d5 3. Nc3 Nf6 4. Bg5 Be7 5. e5 Nfd7 6. Bxe7 Qxe7 7. Nb5 Nb6 8. c3 a6 9. Na3 O-O 10. Qc2 c5 11. dxc5 N6d7 12. f4 Qxc5 13. Bd3 h6 14. Nf3 Nc6 15. O-O-O b5 16. Nd4 Bb7 17. g4 Rac8 18. Nb1 Kh8 19. Nb3 Qb6 20. Bf1 Nb4 21. Qe2 Nxa2+ 22. Kd2 b4 23. Nd4 bxc3+ 24. bxc3 Nxc3 25. Nxc3 Qb2+ 26. Ke1 Qxc3+ 27. Qd2 Qxd2+ 28. Rxd2 Rc1+ 29. Kf2 Nc5 30. Bg2 Rxh1 31. Bxh1 f6 32. Rc2 fxe5 33. Rxc5 exd4 34. Kg3 Rc8 35. Rxc8+ Bxc8 36. Kf2 a5 37. Ke2 Ba6+ 38. Kd2 Bc4 39. Bf3 g5 0-1

[Event "Corr"]
[Site "?"]
[Date "2003.01.31"]
[Round "?"]
[White "Reusch Simon"]
[Black "Taner Harun"]
[Result "1/2-1/2"]
[WhiteElo "1823"]
[BlackElo "1802"]
[PlyCount "41"]
[EventDate "2003.??.??"]
[Source "www.chesslib.no"]
[SourceDate "2004.05.04"]

1. e4 e6 2. d4 d5 3. Nc3 Nf6 4. Bg5 Be7 5. e5 Nfd7 6. Bxe7 Qxe7 7. Nb5 Nb6 8. c3 a6 9. Na3 O-O 10. Bd3 c5 11. Nf3 cxd4 12. cxd4 Nc6 13. O-O Bd7 14. Qd2 Qb4 15. Qe3 Qe7 16. Nc2 Nc4 17. Qg5 Qxg5 18. Nxg5 f5 19. b3 Nd2 20. Rfc1 Ne4 21. Nh3 1/2-1/2

[Event "FRA-ch U12"]
[Site "?"]
[Date "2002.??.??"]
[Round "2.3"]
[White "Phanekham Cyril"]
[Black "Boukobza Adrien"]
[Result "0-1"]
[WhiteElo "1640"]
[BlackElo "1900"]
[PlyCount "112"]
[EventDate "2002.??.??"]
[Source "www.chesslib.no"]
[SourceDate "2004.05.04"]

1. e4 e6 2. d4 d5 3. Nc3 Nf6 4. Bg5 Be7 5. e5 Nfd7 6. Bxe7 Qxe7 7. Nb5 Nb6 8. c3 a6 9. Na3 c5 10. f4 Nc6 11. Nf3 Nd7 12. Nc2 Rb8 13. Qd2 c4 14. Be2 b5 15. O-O Nb6 16. Bd1 Bd7 17. Ne3 Kd8 18. Bc2 g6 19. Ng4 Bc8 20. Nf6 Nd7 21. Nxd7 Bxd7 22. g3 Kc7 23. Nh4 Rhg8 24. Rf2 b4 25. Ba4 bxc3 26. Qxc3 Qb4 27. Bxc6 Qxc3 28. bxc3 Bxc6 29. Re1 Rb7 30. Ree2 Rgb8 31. Kg2 Ba4 32. Nf3 h6 33. g4 Rb1 34. f5 Bd1 35. Rd2 Rc1 36. fxe6 fxe6 37. Nh4 Bxg4 38. Rf7+ Kc6 39. h3 Bf5 40. Nxf5 gxf5 41. Re7 Rg8+ 42. Kf2 Rcg1 43. Rxe6+ Kc7 44. Re2 R8g2+ 45. Ke3 Rg3+ 46. Kd2 Rd3+ 47. Kc2 Rgg3 48. Rxh6 Rxc3+ 49. Kb2 Rcd3 50. e6 Rde3 51. Rf2 Kd6 52. Rh5 f4 53. Rf5 f3 54. Kc1 Rg2 55. Rd2 Kxe6 56. Rf8 Rc3+ 0-1

[Event "Dortmund"]
[Site "?"]
[Date "2003.08.07"]
[Round "6"]
[White "Dehning Busse Karsten"]
[Black "Wolkow Michael"]
[Result "1/2-1/2"]
[WhiteElo "1678"]
[BlackElo "1534"]
[PlyCount "39"]
[EventDate "2003.??.??"]
[Source "www.chesslib.no"]
[SourceDate "2004.05.04"]

1. d4 Nf6 2. Nc3 e6 3. e4 d5 4. Bg5 Be7 5. e5 Nfd7 6. Bxe7 Qxe7 7. Nb5 Na6 8. c3 f6 9. exf6 Nxf6 10. Nf3 c5 11. Bd3 Bd7 12. Na3 O-O 13. O-O Nb8 14. Rc1 Nc6 15. Bb1 b6 16. Re1 cxd4 17. cxd4 Rac8 18. Qd2 Qb4 19. Qxb4 Nxb4 20. Ne5 1/2-1/2

[Event "France (championnat Pupillette)"]
[Site "?"]
[Date "2004.04.20"]
[Round "4.8"]
[White "Dourerassou Cynthia"]
[Black "Baron Elise"]
[Result "1-0"]
[WhiteElo "1590"]
[BlackElo "1440"]
[PlyCount "165"]
[EventDate "2004.??.??"]
[Source "www.chesslib.no"]
[SourceDate "2004.05.04"]

1. e4 e6 2. d4 d5 3. Nc3 Nf6 4. Bg5 Be7 5. e5 Nfd7 6. Bxe7 Qxe7 7. Nb5 Na6 8. c3 c5 9. Nd6+ Kd8 10. f4 f6 11. Nf3 Nb6 12. b3 Rb8 13. Bd3 Bd7 14. O-O Nc8 15. Nb5 Nb6 16. Nd6 Nc8 17. Nxc8 Rxc8 18. Qe2 Nc7 19. Rae1 b5 20. Bc2 a5 21. Kh1 b4 22. Rg1 bxc3 23. g4 Nb5 24. Qf2 Na3 25. f5 cxd4 26. Nxd4 exf5 27. e6 Be8 28. Nxf5 Qb7 29. Nd6 Qc6 30. e7+ Kc7 31. Nxc8 d4+ 32. Be4 Qc5 33. Bf5 Bc6+ 34. Be4 Bxe4+ 35. Rxe4 Qc6 36. Qxd4 Rxc8 37. Rd1 Kb8 38. Qa4 Qxa4 39. Rxa4 c2 40. Rc1 Nb5 41. Rxc2 Re8 42. Re4 Nd6 43. Rd2 Nf7 44. a4 Kc7 45. Re6 Ng5 46. Re3 g6 47. Rc3+ Kb6 48. Rd6+ Kb7 49. Rd7+ Kb6 50. Rcc7 Ne6 51. Rb7+ Kc6 52. Ra7 Kb6 53. Rdb7+ Kc6 54. Rb5 Kd6 55. h3 Kc6 56. Ra6+ Kd7 57. Rb7+ Nc7 58. Raa7 Rc8 59. Rxc7+ Rxc7 60. Rxc7+ Kxc7 61. e8=Q Kd6 62. Qf7 Ke5 63. Qxh7 g5 64. Qe7+ Kf4 65. Qxf6+ Ke4 66. Qxg5 Kd4 67. h4 Ke4 68. h5 Kd4 69. h6 Ke4 70. h7 Kd3 71. h8=R Kc3 72. Rc8+ Kd4 73. Qd2+ Ke4 74. Re8+ Kf3 75. Qd7 Kg3 76. Qd3+ Kf4 77. Qf1+ Kg3 78. Rf8 Kh4 79. Qg1 Kg5 80. b4 axb4 81. Qe3+ Kxg4 82. Qg1+ Kh3 83. Rh8# 1-0

[Event "Corr"]
[Site "?"]
[Date "2003.01.13"]
[Round "?"]
[White "Johnson Bernie"]
[Black "Ringbom Pasi"]
[Result "1-0"]
[WhiteElo "1463"]
[BlackElo "1411"]
[PlyCount "58"]
[EventDate "2003.??.??"]
[Source "www.chesslib.no"]
[SourceDate "2004.05.04"]

1. e4 e6 2. d4 d5 3. Nc3 Nf6 4. Bg5 Be7 5. e5 Nfd7 6. Bxe7 Qxe7 7. Nb5 Nb6 8. c3 a6 9. Na3 c5 10. Nf3 cxd4 11. Qxd4 N8d7 12. Bd3 f6 13. exf6 Qxf6 14. O-O Qxd4 15. cxd4 O-O 16. Rfe1 Nf6 17. Rac1 h6 18. Ne5 Nh5 19. Rc7 Nf4 20. Bc2 Nc4 21. Naxc4 dxc4 22. Be4 Nd5 23. Bxd5 exd5 24. Ng6 Rf7 25. Re8+ Kh7 26. Nf8+ Kg8 27. Ne6+ Kh7 28. Rxf7 Kg6 29. Rff8 b5 1-0

[Event "Corr"]
[Site "?"]
[Date "1999.10.14"]
[Round "?"]
[White "Keber Ernst"]
[Black "Fourie Leon"]
[Result "0-1"]
[WhiteElo "1064"]
[BlackElo "1750"]
[PlyCount "41"]
[EventDate "1999.??.??"]
[Source "www.chesslib.no"]
[SourceDate "2004.05.04"]

1. d4 Nf6 2. Nc3 d5 3. Bg5 e6 4. e4 Be7 5. e5 Nfd7 6. Bxe7 Qxe7 7. Nb5 Nb6 8. c3 a6 9. Na3 c5 10. Nf3 Nc6 11. Be2 O-O 12. O-O f6 13. exf6 Rxf6 14. Re1 cxd4 15. cxd4 Bd7 16. Rc1 Rc8 17. Qb3 Qb4 18. Rxc6 Qxe1+ 19. Nxe1 Rxc6 20. Nd3 Bc8 21. Qxb6 0-1

[Event "Corr"]
[Site "?"]
[Date "2001.07.21"]
[Round "?"]
[White "Costantini Mike"]
[Black "Cherner Lyle"]
[Result "1/2-1/2"]
[WhiteElo "1243"]
[BlackElo "1541"]
[PlyCount "29"]
[EventDate "2001.??.??"]
[Source "www.chesslib.no"]
[SourceDate "2004.05.04"]

1. e4 e6 2. d4 d5 3. Nc3 Nf6 4. Bg5 Be7 5. e5 Nfd7 6. Bxe7 Qxe7 7. Nb5 Nb6 8. c3 O-O 9. Bd3 Bd7 10. Nxc7 Ba4 11. Bxh7+ Kxh7 12. Qh5+ Kg8 13. Nxa8 Nxa8 14. Nf3 Nb6 15. b3 1/2-1/2

[Event "Corr"]
[Site "?"]
[Date "1999.02.20"]
[Round "?"]
[White "Cherner Lyle"]
[Black "Johnson Bernard"]
[Result "0-1"]
[WhiteElo "1286"]
[BlackElo "1439"]
[PlyCount "40"]
[EventDate "1999.??.??"]
[Source "www.chesslib.no"]
[SourceDate "2004.05.04"]

1. e4 e6 2. d4 d5 3. Nc3 Nf6 4. Bg5 Be7 5. e5 Nfd7 6. Bxe7 Qxe7 7. Nb5 Qd8 8. c3 a6 9. Na3 c5 10. Qg4 O-O 11. Bd3 cxd4 12. cxd4 Nc6 13. Ne2 Qa5+ 14. Nc3 f5 15. exf6 Nxf6 16. Qh4 b5 17. Nab1 Qb4 18. b3 Nxd4 19. Qg5 Qa5 20. a3 Nxb3 0-1

[Event "SEMI"]
[Site "?"]
[Date "1999.03.15"]
[Round "?"]
[White "Caponero Ricardo"]
[Black "Sanjuan Lahoz Oscar"]
[Result "1-0"]
[WhiteElo "1317"]
[BlackElo "1375"]
[PlyCount "41"]
[EventDate "1999.??.??"]
[Source "www.chesslib.no"]
[SourceDate "2004.05.04"]

1. e4 e6 2. d4 d5 3. Nc3 Nf6 4. Bg5 Be7 5. e5 Nfd7 6. Bxe7 Qxe7 7. Nb5 Nb6 8. c3 O-O 9. Bd3 a6 10. Na3 c5 11. Nf3 cxd4 12. Nxd4 f6 13. Qh5 g6 14. Qh4 Na4 15. exf6 Qxf6 16. Qxf6 Rxf6 17. Bc2 Nxb2 18. Rb1 e5 19. Rxb2 exd4 20. cxd4 Nc6 21. Bb3 1-0